Introductory microbiology (Record no. 169330)

MARC details
000 -LEADER
fixed length control field 00402nam a2200145Ia 4500
008 - FIXED-LENGTH DATA ELEMENTS--GENERAL INFORMATION
fixed length control field 231217s9999 xx 000 0 und d
041 ## - LANGUAGE CODE
Language code of text/sound track or separate title English
082 ## - DEWEY DECIMAL CLASSIFICATION NUMBER
Classification number 576 HER;1 R
100 ## - MAIN ENTRY--PERSONAL NAME
Personal name Heritage, J. Evans, E G V. Killington, R A
245 #0 - TITLE STATEMENT
Title Introductory microbiology
260 ## - PUBLICATION, DISTRIBUTION, ETC.
Date of publication, distribution, etc. 2002
Name of publisher, distributor, etc. New Delhi : foundation books,
300 ## - PHYSICAL DESCRIPTION
Extent xiv+226
650 ## - SUBJECT ADDED ENTRY--TOPICAL TERM
Topical term or geographic name entry element Introductory,microbiology
942 ## - ADDED ENTRY ELEMENTS (KOHA)
Koha item type Books
Holdings
Date last seen Total checkouts Full call number Accession number Cost, total (INR) price Price effective from Category Lost status Damaged status Department Withdrawn status Home library Current library Entry date Vendor Cost, normal purchase price Grants Billnumber Billdate Currency symbol Conversion rate Discount Old discount
26/01/2024   576 HER;1 R 22597 127.50 26/01/2024 Books     Central Library   Central Library Central Library 09/09/2003 Sapna Book House 150.00 BT 18202 14/02/2005 RS 1 22.5 15
26/01/2024   576 HER;2 R1 22598 127.50 26/01/2024 Books     Central Library   Central Library Central Library 09/09/2003 Sapna Book House 150.00 BT 18202 14/02/2005 RS 1 22.5 15
26/01/2024   576 HER;3 22599 127.50 26/01/2024 Books     Central Library   Central Library Central Library 09/09/2003 Sapna Book House 150.00 BT 18202 14/02/2005 RS 1 22.5 15
26/01/2024   576 HER;4 22697 127.50 26/01/2024 Books     Central Library   Central Library Central Library 22/09/2003 Sapna Book House 150.00 BT 18850 14/02/2005 RS 1 22.5 15
26/01/2024   576 HER;5 22698 127.50 26/01/2024 Books     Central Library   Central Library Central Library 22/09/2003 Sapna Book House 150.00 BT 18850 14/02/2005 RS 1 22.5 15

© For any Suggestions or Query, please contact the library staff @ librarian@pes.edu or Phone: +9180 2672 1983/ 2108.